000 00376nam a2200145Ia 4500
008 210210b1985 xxu||||| |||| 00| 0 eng d
082 _a303.48 KAME
100 _aKAMAT (A R).
245 _aEducation and social change in India. Ed 1.
250 _a
260 _aBombay.
_bSomaiya Publications Pvt Ltd.,
_c1985
300 _a348
690 _aSocial Change
906 _a038964
999 _c89084
_d89084